000
00258nam a22001217a 4500
008
170801b xxu||||| |||| 00| 0 eng d
041
_a
eng
080
_a
004
100
_a
32
101
_a
SHK
245
_a
ACCESS 97- WINDOWS 95
_c
BAKER,B
942
_2
udc
_c
BK
999
_c
22454
_d
22454